Mercado de trabajo e informalidad: repercusiones en la seguridad social latinoamericana. = Informal labor market: repercussions in the Latin American social security system /

Enregistré dans:
Détails bibliographiques
Auteur principal: Salazar Borrego, Neiza
Format: Texte
Sujets:
Tags: Ajouter un tag
Pas de tags, Soyez le premier à ajouter un tag!

MARC

LEADER 00000 a a2200000 04500
001 8248
003
040
100 |a Salazar Borrego, Neiza  
245 |a Mercado de trabajo e informalidad: repercusiones en la seguridad social latinoamericana. =   |b Informal labor market: repercussions in the Latin American social security system /  |c Neiza Salazar Borrego 
500 |a Resumen también en inglés. El artículo forma parte del proyecto de investigación: "Condiciones para la incorporación de los Informales a los Sistemas de Pensiones y Salud en Venezuela"  
650 |a SECTOR INFORMAL  
650 |a MERCADO DE TRABAJO  
650 |a SEGURIDAD SOCIAL  
773 |g volumen 10, número 3; páginas 299-321  
999 |c 25741  |d 25741